Statystyki dla Strzelcy Premier League w klubach 2009/10

Kliknij tutaj aby rozwiązać quiz!

Ogólne statystyki

  • Ten quiz został rozwiązany 14 razy
  • Średni wynik to 6 z 20

Statystyki odpowiedzi

KlubNarodowość#Nazwisko% Poprawnych
ChelseaWKS29Didier Drogba
100%
Manchester UnitedAnglia26Wayne Rooney
100%
LiverpoolHiszpania18Fernando Torres
79%
ArsenalHiszpania15Cesc Fàbregas
64%
Manchester CityArgentyna23Carlos Tévez
57%
SunderlandAnglia26Darren Bent
57%
Tottenham HotspurAnglia18Jermain Defoe
57%
Aston VillaAnglia13Gabriel Agbonlahor
14%
Bolton WanderersChorwacja/Anglia8Ivan Klasnić/Matthew Taylor
14%
EvertonFrancja13Louis Saha
14%
BurnleySzkocja8Steven Fletcher
14%
FulhamAnglia8Bobby Zamora
7%
Wigan AthleticKolumbia10Hugo Rodallega
7%
Wolverhampton WanderersIrlandia9Kevin Doyle
7%
PortsmouthWKS8Aruna Dindane
0%
Birmingham CityGrenada10Cameron Jerome
0%
West Ham UnitedAnglia10Carlton Cole
0%
Blackburn RoversAnglia9David Dunn
0%
Stoke CityAnglia5Matthew Etherington
0%
Hull CityIrlandia6Stephen Hunt
0%

Rozkład punktacji

Percentyl według liczby udzielonych odpowiedzi

Procent ludzi z każdym wynikiem

Twoja historia wyników

Nie rozwiązałeś tego quizu